LIBRARY & INFORMATION CENTRE, KCAET, TAVANUR

ONLINE PUBLIC ACCESS CATALOGUE (OPAC)

Basic electronics / (Record no. 10366)

MARC details
000 -LEADER
fixed length control field 00619cam a2200217ua 4500
020 ## - INTERNATIONAL STANDARD BOOK NUMBER
ISBN 0-07-100443-2
041 ## - LANGUAGE CODE
Language code of text/sound track or separate title eng
082 ## - DEWEY DECIMAL CLASSIFICATION NUMBER
Classification number 621.381
Item number GRO/BA
100 ## - MAIN ENTRY--AUTHOR NAME
Personal name Grob, Bernard .
245 ## - TITLE STATEMENT
Title Basic electronics /
250 ## - EDITION STATEMENT
Edition statement 1 /
260 ## - PUBLICATION, DISTRIBUTION, ETC. (IMPRINT)
Place of publication Singapore :
Name of publisher McGraw-Hill International Book Company ,
Year of publication 1984.
300 ## - PHYSICAL DESCRIPTION
Number of Pages 737 ; .
490 0# - SERIES STATEMENT
Series statement Electrical and electronics engineering series,
Volume number/sequential designation
500 ## - GENERAL NOTE
General note *CSS
942 ## - ADDED ENTRY ELEMENTS (KOHA)
Koha item type Books
Holdings
Withdrawn status Lost status Damaged status Home library Current library Shelving location Date acquired Full call number Accession Number Koha item type
      KAUAET KAUAET Scheme 03/09/2018 621.381 GRO/BA 17958 Books
      KAUAET KAUAET Scheme 03/09/2018 621.381 GRO/BA 17959 Books
free website counter